<?xml version="1.0" encoding="UTF-8"?>
<marc:record xmlns:marc="http://www.loc.gov/MARC21/slim">
   <marc:leader>00000nam a2200000 a 4500</marc:leader>
   <marc:datafield ind1="1" ind2=" " tag="100">
      <marc:subfield code="a">Hepburn, Holly</marc:subfield>
      <marc:subfield code="4">aut</marc:subfield>
      <marc:subfield code="e">Verfasser/-in</marc:subfield>
   </marc:datafield>
   <marc:datafield ind1="0" ind2="0" tag="245">
      <marc:subfield code="a">Um fünf unter den Sternen</marc:subfield>
   </marc:datafield>
   <marc:datafield ind1="0" ind2="0" tag="245">
      <marc:subfield code="b">Roman</marc:subfield>
   </marc:datafield>
   <marc:datafield ind1=" " ind2="1" tag="264">
      <marc:subfield code="a">München</marc:subfield>
      <marc:subfield code="b">Penguin Verlag</marc:subfield>
      <marc:subfield code="c">2019</marc:subfield>
   </marc:datafield>
   <marc:datafield ind1=" " ind2=" " tag="250">
      <marc:subfield code="a">1. Auflage</marc:subfield>
   </marc:datafield>
   <marc:datafield ind1="1" ind2=" " tag="520">
      <marc:subfield code="a">Angaben aus der Verlagsmeldung&lt;br/&gt;&lt;br/&gt;Um fünf unter den Sternen : Roman A Year at The Star And Sixpence / von Holly Hepburn&lt;br/&gt;&lt;br/&gt;600 Seiten zum Verlieben&lt;br/&gt;&lt;br/&gt;Die Schwestern Nessie und Sam könnten unterschiedlicher nicht sein, doch eines haben sie gemeinsam: ein hoch kompliziertes Liebesleben. Als sie ein romantisches kleines Pub auf dem Land erben, kommt die Chance auf einen Neuanfang für beide wie gerufen. Doch der verläuft anders als gedacht  das Gebäude ist heruntergekommen und verschuldet, und dann sind da noch die naseweisen Dorfbewohner, die schon ganz eigene Pläne für die Neueröffnung geschmiedet haben. Doch Nessie und Sam sind fest entschlossen, das Pub zu retten und es wieder zum Mittelpunkt des Dorfes zu machen. Zum Glück gibt es da noch Joss, den charmanten Kellner, und Owen, den gut aussehenden Schmied von gegenüber</marc:subfield>
   </marc:datafield>
   <marc:datafield ind1=" " ind2=" " tag="020">
      <marc:subfield code="a">9783328103202</marc:subfield>
      <marc:subfield code="9">9783328103202</marc:subfield>
   </marc:datafield>
   <marc:datafield ind1=" " ind2=" " tag="041">
      <marc:subfield code="a">ger</marc:subfield>
   </marc:datafield>
   <marc:datafield ind1="1" ind2=" " tag="521">
      <marc:subfield code="a">0</marc:subfield>
   </marc:datafield>
   <marc:datafield ind1=" " ind2=" " tag="300">
      <marc:subfield code="a">589 Seiten</marc:subfield>
   </marc:datafield>
</marc:record>
